[Event "SLO-ch U10 Girls"]
[Site "Rogaska Slatina"]
[Date "2009.02.25"]
[Round "6"]
[White "Jeric, Tanja"]
[Black "Smodis, Lota"]
[Result "1-0"]
[WhiteElo "1500"]
[BlackElo "1500"]
[PlyCount "83"]
[EventDate "2009.02.22"]
[EventType "swiss"]
[EventRounds "9"]
[EventCountry "SLO"]
[SourceTitle "CBM 129 Extra"]
[Source "ChessBase"]
[SourceDate "2009.05.05"]
[SourceVersion "2"]
[SourceVersionDate "2009.05.20"]
[SourceQuality "1"]

1. e4 e5 2. Nc3 a6 3. Nf3 Nf6 4. Nxe5 d6 5. Nf3 Bd7 6. Bc4 Qe7 7. 0-0 b5 8. Nd5 Qd8 9. Be2 Be7 10. c4 0-0 11. d3 h6 12. e5 dxe5 13. Nxe5 Bc8 14. cxb5 axb5 15. Bf3 Re8 16. Nxe7+ Kf8 17. Bxa8 Rxe7 18. Nc6 Nxc6 19. Bxc6 Re5 20. Bf4 Rf5 21. g3 Rh5 22. Qb3 Be6 23. Qb4+ Kg8 24. Bf3 Rf5 25. Rad1 Nd5 26. Bxd5 Bxd5 27. Qxb5 Bf3 28. Qxf5 Qe8 29. Rfe1 Qd8 30. Re3 Bc6 31. Rde1 f6 32. Bxc7 Qxc7 33. Re8+ Bxe8 34. Rxe8+ Kf7 35. Qe6+ Kg6 36. f4 Qc1+ 37. Kg2 Qc2+ 38. Kf3 Qxd3+ 39. Kg4 Qd4 40. h4 Kh7 41. Qg8+ Kg6 42. h5# 1-0